Бор в нефтегазоносных отложениях Западной Сибири; Известия Томского политехнического университета [Известия ТПУ]; Т. 304, вып. 1 : Геология, поиски и разведка полезных ископаемых Сибири
| Parent link: | Известия Томского политехнического университета [Известия ТПУ]/ Томский политехнический университет (ТПУ).— , 2000- Т. 304, вып. 1 : Геология, поиски и разведка полезных ископаемых Сибири.— 2001.— [С. 217-225] |
|---|---|
| Autor principal: | |
| Sumario: | Заглавие с титульного листа Электронная версия печатной публикации Результаты изучения геохимических особенностей поведения бора в нефтегазоносных отложениях ряда продуктивных объектов показали соответствие ранее известным закономерностям их проявления в соответствующих породах в других регионах страны и мира. Это обстоятельство позволило использовать полученные результаты для реконструкции палеоландшафтных, седиментационных, диаге-нетических и эпигенетических условий формирования нефтегазоносных, в том числе нефтематеринских, отложений доманикового типа, в юрское и палеозойское время на территории Западной Сибири. |
| Lenguaje: | ruso |
| Publicado: |
2001
|
| Colección: | Полезные ископаемые, методы их поисков и разведки |
| Materias: | |
| Acceso en línea: | http://www.lib.tpu.ru/fulltext/v/Bulletin_TPU/2001/v304/22.pdf |
| Formato: | Electrónico Capítulo de libro |
| KOHA link: | https://koha.lib.tpu.ru/cgi-bin/koha/opac-detail.pl?biblionumber=162947 |
MARC
| LEADER | 00000nla2a2200000 4500 | ||
|---|---|---|---|
| 001 | 162947 | ||
| 005 | 20231031160621.0 | ||
| 035 | |a (RuTPU)RU\TPU\book\176735 | ||
| 035 | |a RU\TPU\book\176732 | ||
| 090 | |a 162947 | ||
| 100 | |a 20090629d2001 k y0rusy50 ca | ||
| 101 | 0 | |a rus | |
| 102 | |a RU | ||
| 135 | |a drnn ---uucaa | ||
| 181 | 0 | |a i | |
| 182 | 0 | |a b | |
| 200 | 1 | |a Бор в нефтегазоносных отложениях Западной Сибири |b Электронный ресурс |f Н. Ф. Столбова | |
| 203 | |a Текст |c электронный | ||
| 215 | |a 1 файл (1.3 Мб) | ||
| 225 | 1 | |a Полезные ископаемые, методы их поисков и разведки | |
| 230 | |a Электронные текстовые данные (1 файл : 1.3 Мб) | ||
| 300 | |a Заглавие с титульного листа | ||
| 300 | |a Электронная версия печатной публикации | ||
| 320 | |a [Библиогр.: с. 224-225 (14 назв.)] | ||
| 330 | |a Результаты изучения геохимических особенностей поведения бора в нефтегазоносных отложениях ряда продуктивных объектов показали соответствие ранее известным закономерностям их проявления в соответствующих породах в других регионах страны и мира. Это обстоятельство позволило использовать полученные результаты для реконструкции палеоландшафтных, седиментационных, диаге-нетических и эпигенетических условий формирования нефтегазоносных, в том числе нефтематеринских, отложений доманикового типа, в юрское и палеозойское время на территории Западной Сибири. | ||
| 337 | |a Adobe Reader | ||
| 461 | 1 | |0 (RuTPU)RU\TPU\book\176237 |t Известия Томского политехнического университета [Известия ТПУ] |f Томский политехнический университет (ТПУ) |d 2000- | |
| 463 | 1 | |0 (RuTPU)RU\TPU\book\176705 |t Т. 304, вып. 1 : Геология, поиски и разведка полезных ископаемых Сибири |o тематический выпуск |f под ред. А. Ф. Коробейникова |v [С. 217-225] |d 2001 |p 343 с. | |
| 610 | 1 | |a нефтегазоносные отложения | |
| 610 | 1 | |a бор | |
| 610 | 1 | |a Западная Сибирь | |
| 610 | 1 | |a литогенетические реконструкции | |
| 610 | 1 | |a труды учёных ТПУ | |
| 610 | 1 | |a электронный ресурс | |
| 610 | 1 | |a геохимические особенности | |
| 610 | 1 | |a геохимические исследования | |
| 610 | 1 | |a седиментационные условия | |
| 610 | 1 | |a эпигенетические условия | |
| 610 | 1 | |a диагенетические условия | |
| 610 | 1 | |a концентрация бора | |
| 610 | 1 | |a геологическая реконструкция | |
| 610 | 1 | |a юрские отложения | |
| 610 | 1 | |a палеозойские отложения | |
| 700 | 1 | |a Столбова |b Н. Ф. |c российский геолог |c доцент Томского политехнического университета |f 1940- |g Нэля Фeдоровна |2 stltpush |3 (RuTPU)RU\TPU\pers\26073 | |
| 801 | 1 | |a RU |b 63413507 |c 20090623 |g PSBO | |
| 801 | 2 | |a RU |b 63413507 |c 20210318 |g PSBO | |
| 856 | 4 | |u http://www.lib.tpu.ru/fulltext/v/Bulletin_TPU/2001/v304/22.pdf | |
| 942 | |c CF | ||